Aké boli u nás zárobky a ceny v 19. storočí

Podrobná bibliografia
Hlavný autor: Makarová, Soňa (Author)
Médium: Článok
Jazyk:Slovak
Témy:
Zdroj: 1. Košický večer. Korzár 1. 1336-5320 1. Roč. 18 (39), č. 19 (2007), s. 21
LEADER 00769nab#a2200289#ar4500
001 000085721
003 SVKKK
005 20070920131957.0
008 040505c2003 xo e slo
FMT
038 |a SVKKK 
040 |a SVKKK  |b slo  |e AACR2 
041 0 |a slo 
044 |a xo  |c SK 
080 |a 331.2(091)  |2 1997 
080 |a 338(091)  |2 1997 
100 1 |a Makarová, Soňa  |4 aut 
245 1 0 |a Aké boli u nás zárobky a ceny v 19. storočí  |c Soňa Makarová 
650 0 4 |a ceny potravín  |z Košice (Slovensko)  |x dejiny 
650 0 4 |a platy  |z Košice (Slovensko)  |x dejiny 
773 0 |t Košický večer. Korzár  |x 1336-5320  |g Roč. 18 (39), č. 19 (2007), s. 21 
957 |a 802 
974 |a Čr 
992 |a RBX 
BAS
852 |a SVKKK  |b BIB 
998 |a REG